000 01361nam a2200289 a 4500
001 BRCA_2451
005 20190320203821.0
008 181108s185-----fr-#---###---#000-0dspa-u
041 _aspa
044 _afr
084 _a091
_b.B43
_c1815
100 1 _aCervantes Saavedra, Miguel de
_d1547-1616
_9213
245 1 0 _aEl Ingenioso Hidalgo Don Quixote de la Mancha
_ccompuesto por Miguel de Cervantes Saavedra.
260 _aBurdeos (Francia)
_bPedro Beaume
_c1815
300 _a4 v.
_c18 cm.
500 _aContenido : v 1. Primera parte. Advertencia del editor. Noticia sobre la vida y obra de Cervantes por Quintana. Dedicatoria. Prólogo del autor. Versos preliminares. Texto. -- v 2. Texto. -- v 3. Segunda parte. Dedicatoria. Prólogo del autor. Texto. -- v 4. Texto
500 _aReproducción de la edición de Burdeos, impresa en 1804, por J. Pinard, pero con papel inferior y con los tipos más gastados Lúdovik Osterc
500 _aQM72
650 1 4 _aNovela española
_yÉpoca clásica, 1500-1700
_9215
650 1 4 _aLiteratura española
_yÉpoca clásica, 1500-1700
_9216
650 1 4 _aNovela española
_ySiglo XVII
_9217
650 1 4 _aDon Quijote (Personaje ficticio)
_eNovela
_9218
700 1 _aQuintana, José Manuel
_d1772-1857
_eBiógrafo
_97150
740 0 _aEl Ingenioso Hidalgo Don Quijote de la Mancha
902 _aQFM
942 _2lcc
_cB
999 _c2192
_d2192